Score 0/20 Timer 04:00
3 Plays Today
Question Answer Wrong Answers
Eight wins vs. two wins Gone With the Wind
85.7%
Breakfast at Tiffany's
10.5%
Three wins vs. one win Avatar
76.9%
Interstellar
19.3%
Eight wins vs. seven wins Gandhi
72.6%
Patton
23.7%
Two wins vs. one win Frozen
69.1%
Shrek
27.2%
Eleven wins vs. seven wins Ben-Hur
67.9%
Lawrence of Arabia
28.4%
Ten wins vs. eight wins West Side Story
67.7%
My Fair Lady
28.7%
Five wins vs. four wins The Deer Hunter
60.2%
Platoon
35.9%
Four wins vs. one win E.T. the Extra-Terrestrial
59.8%
Close Encounters of the Third Kind
36.6%
Three wins vs. two wins Rocky
59.7%
Raging Bull
36.6%
Three wins vs. zero wins To Kill a Mockingbird
59%
12 Angry Men
37.5%
One win vs. zero wins Star Trek (2009)
58.2%
Star Trek: The Motion Picture (1979)
37.9%
Seven wins vs. four wins Dances with Wolves
58.1%
Unforgiven
38.1%
Four wins vs. two wins The Lord of the Rings: The Fellowship of the Ring
57.6%
The Lord of the Rings: The Two Towers
38.7%
Six wins vs. three wins The Godfather: Part II
55.1%
The Godfather
41.1%
One win vs. zero wins Star Wars: Episode V - The Empire Strikes Back
53.9%
Star Wars: Episode VII - The Force Awakens
42.3%
Three wins vs. one win The Towering Inferno
50.8%
The Poseidon Adventure
45.4%
Seven wins vs. two wins Gravity
49.2%
Apollo 13
47.2%
Two wins vs. one win Aliens
48.9%
Alien
47.3%
Six wins vs. five wins Chicago
46.2%
The Sound of Music
50%
Nine wins vs. seven wins The English Patient
29.1%
Schindler's List
67.2%
Remove Ads.
Support Sporcle.
Get the best of Sporcle when you Go Orange. This ad-free experience offers more features, more stats, and more fun while also helping to support Sporcle. Thank you for becoming a member.

You're not logged in!

Compare scores with friends on all Sporcle quizzes.
OR
Log In

Show Comments

Extras

Top Quizzes Today


Score Distribution

Your Account Isn't Verified!

In order to create a playlist on Sporcle, you need to verify the email address you used during registration. Go to your Sporcle Settings to finish the process.

Report this User

Report this user for behavior that violates our Community Guidelines.

Details: